[Event "Sofia MTel Masters 2nd"]
[Site "Sofia"]
[Date "2006.05.13"]
[Round "3"]
[White "Ponomariov, Ruslan"]
[Black "Topalov, Veselin"]
[Result "1/2-1/2"]
[WhiteElo "2738"]
[BlackElo "2804"]
[Annotator "Rogozenco,D"]
[PlyCount "132"]
[EventDate "2006.05.11"]
[EventType "tourn"]
[EventRounds "10"]
[EventCountry "BUL"]
[EventCategory "20"]
[SourceTitle "CBM 113"]
[Source "ChessBase"]
[SourceDate "2006.07.31"]
[SourceVersion "1"]
[SourceVersionDate "2006.07.31"]
[SourceQuality "1"]

{The clash between Topalov and Ponomariov is usually highly interesting: they
always succeed to complicate things no matter of the situation on the board.
In this game too, both opponents were playing for a win an interesting
position, which nevertheless was all the way balanced and about equal.} 1. d4
Nf6 2. c4 e6 3. Nf3 d5 4. Nc3 c6 5. e3 a6 {The move orders in modern chess
become more and more flexible. The present game seemed to start with either
Nimzo or Queen's Indian, then Queen's Gambit, transposing into Semi-Slav and
finally we have a popular nowadays mix of Meran with Chebanenko Slav. Notice
that a top GM should be well prepared against all these systems. For instance
in our case before reaching the position after 5th move, Ponomariov had to be
prepared to play against Queen's Indian, Queen's Gambit and Meran, while
Topalov had to be ready against White's possible choices of Nimzo Indian,
Catalan and the sharp 5.Bg5 in the Semi-Slav. Each of these openings contains
a huge amount of theoretical variations...} 6. c5 {Just like in the Chebanenko
Slav, this advance (played first by Euwe in the World Championship Match 1935
versus Alekhine) represents the most ambitious continuation, being the most
commiting move at the same time. It must be mentioned though, that the
inclusion of moves e3/e6 is crucial and the arising positions here are
completely different than those after 1.d4 d5 2.c4 c6 3.Nf3 Nf6 4.Nc3 a6 5.c5.}
(6. b3) ({and} 6. Qc2 {are the main alternatives, which also have their
drawbacks.}) 6... b6 {In my opinion this is the strongest continuation, which
underlines the main difference from the Chebanenko Slav: here the inclusion of
moves e3/e6 enables Black to fight against White's queenside space advantage 
(thanks to the open diagonal of the Bf8).} (6... Nbd7 7. b4 {secures White a
slight, but rather stable advantage.}) 7. cxb6 (7. b4 $2 a5 $17) 7... Nbd7 {
Black's main strategical goal in this structure is to advance ...c5.} ({
A reasonable alternative looks} 7... Qxb6 8. Na4 Qa7 9. Bd3 Nbd7 $5 {which
wasn't tested in practice yet}) 8. Na4 (8. Bd3 c5 $11) 8... Nxb6 9. Bd2 (9. Bd3
Nxa4 ({not} 9... Bd7 10. Nc5 $1) 10. Qxa4 Bd7 11. Qc2 ({or} 11. Ne5 c5 12. Nxd7
Qxd7 13. Qxd7+ Kxd7) 11... Qb6 12. Ne5 c5 13. Nxd7 Nxd7 {must be about equal.})
(9. Nc5 Bxc5 10. dxc5 Nbd7 $132) 9... Nxa4 10. Qxa4 Bd7 {This move was
mentioned in the World Championship 1935 matchbook as yielding White the
bishop pair and for that reason the entire variation was considered
insufficient for Black. In fact the strongest move 10...Bd7 offers Black very
good chances to equalize.} (10... Qb6 $6 {is inferior due to} 11. Rc1 Bd7 12.
Ne5 Qxb2 13. Nxd7 Nxd7 14. Bd3 Rb8 15. Ke2 {and White had a big advantage in
1-0 Euwe,M-Alekhine,A/Netherlands 1935/ (69).}) 11. Ne5 ({After} 11. Qc2 {
Black has a rather pleasant choice between} Qb6 ({or} 11... Ne4 12. Bd3 Nxd2
13. Nxd2 Bd6 14. Nb3 a5 15. O-O h6 16. Rac1 O-O 17. Nc5 Bc8 18. Be2 Qc7 19. g3
Bxc5 20. Qxc5 Ba6 $11 {1/2-1/2 Nielsen,P (2626)-Krivoshey,S (2495)/Germany
2003 (33)}) 12. Rc1 Rb8 $11 13. Ne5 (13. b3 Ba3 14. Rd1 Ne4 $15) 13... Ne4 14.
Nc4 (14. Nxd7 Kxd7 $36) 14... Qb7 15. Bd3 Nxd2 16. Nxd2 c5 17. dxc5 Bxc5 18.
O-O Bd6 $15 {1-0 Vennemann,H-Wellenreiter,H (2480)/ICCF corr 1998 (38)}) 11...
Ne4 $146 {Typicaly, when given an opportunity Veselin finds a way to
complicate matters. Topalov's move has the idea to send White's bishop to a5
and eventually provoke f2-f3. However, White can try to take advantage from
all this as well.} ({White is only marginally better after} 11... c5 12. Nxd7
Qxd7 13. Qxd7+ Kxd7 {In spite of White's bishops pair, Black has easy
development and will create pressure on the b-file.}) 12. Ba5 c5 $8 (12... Qc8
$2 13. Rc1 c5 14. Nxd7 Qxd7 15. Qxd7+ Kxd7 16. f3 Nf6 17. dxc5 $18) (12... Qb8
$2 13. b4 $16) 13. Nxd7 Qxd7 14. Qxd7+ Kxd7 15. f3 Nf6 16. Rc1 {Ruslan is
correctly trying to use the position of the bishop on a5 in his favour.} (16.
dxc5 {justifies Topalov's play. After} Bxc5 {[%csl Re3] Black benefits from
the weaknesses created by 15.f3.}) 16... c4 $5 (16... cxd4 {temporarily
handles over the initiative to White. Nevertheless it seems that Black can
neutralize it:} 17. Rc7+ (17. exd4 Bd6 $11) 17... Kd6 ({Even} 17... Ke8 {
might be playable:} 18. exd4 Bd6 19. Rb7 Nd7 20. Kf2 Ke7 {[%cal Gh8b8]}) 18.
exd4 (18. Rxf7 dxe3 $13) 18... Be7 19. Rc2 (19. Kd2 Bd8 20. Rc5 Bxa5+ 21. Rxa5
Rhb8 22. b3 Ng8 $5 $132 {[%csl Rd4][%cal Gg8e7,Ge7c6]}) (19. Rc5 Kd7 20. Rc2
Rhb8 $11 {[%cal Ge7b4]}) 19... Rhc8 {and White is just marginally better.}) 17.
b3 Rb8 $5 {Initiative at all costs. Topalov sacrifices a pawn for that purpose.
} ({Again a quieter continuation was a reasonable alternative, although
White's chances are slightly preferable after} 17... cxb3 18. Rc7+ Kd6 19. axb3
Be7 {[%cal Ge7d8]} 20. Rc1 $1 (20. Rb7 Nd7 21. Bd3 (21. Bb4+ $2 Kc6) 21... Rhc8
{[%csl Rb7][%cal Gd6c6]} 22. Kd2 Kc6 23. Rc7+ Rxc7 24. Rc1+ Nc5 $11)) ({
Another possibility to sacrifice a pawn was} 17... Ba3 18. Rc3 Rhb8 19. bxc4
Rb1+ 20. Kd2 Bb2 21. Rc2 dxc4 22. Rxc4 Ra1 $44) 18. bxc4 Bb4+ 19. Bxb4 Rxb4 20.
c5 {One should not ask Ponomariov twice: he immediately uses the opportunity
to create such a long-term advantage as the protected passed pawn.} (20. Bd3
dxc4 21. Rxc4 Rxc4 22. Bxc4 Rc8 23. Bb3 Rc1+ 24. Bd1 Ra1 25. a4 Nd5 26. e4 Nc3
({or} 26... Ne3) 27. Kd2 {leads to a draw}) ({Deserved attention} 20. Kd2 Rb2+
21. Rc2 Rb1 22. c5 h5 $5 (22... Rhb8 23. g4 {[%cal Gf1g2]}) 23. g3 {and
although the control of the b-file secures Black compensation, it is unclear
if it is enough to hold the balance.}) 20... Rb2 ({Bad is} 20... a5 $2 21. a4
$1 $16) ({but} 20... Rhb8 21. Bxa6 Ra4 (21... Rb2 $2 22. O-O Rxa2 23. Ra1 $16)
22. Be2 Rxa2 23. Kf2 Rbb2 24. Rhe1 Kc7 (24... h5 $2 25. Rb1 $16) 25. Rb1 Rc2 {
was an interesting alternative, since it is difficult for White to make
progress.}) 21. a4 Ra8 22. Be2 (22. Bd3 Ra2 (22... Rxg2 $6 23. Be2 Rb8 24. Kf1
$16) 23. Bc2 (23. O-O $5) 23... Rb8 24. Kd2 Rb4 (24... Rbb2 25. Kc3 $16) 25.
Rb1 (25. Kc3 Rc4+ 26. Kb3) 25... Rc4 (25... Rbxa4 26. Rb7+ Ke8 27. Rhb1 $132)
26. Rhc1 Kc7 $44) (22. Ra1 Kc6 $5 (22... Kc7 23. Be2 e5 24. Kf2 exd4 25. exd4
Re8 26. Rhe1 a5 27. Kf1 Rd2 28. Bb5 Rxe1+ 29. Rxe1 Kd8 30. c6 $36) 23. Be2 e5
24. Kf2 Rab8 25. Rhe1 exd4 26. exd4 Ne8 $44 {[%csl Rd4][%cal Ge8c7]}) 22... Kc7
(22... Ra2 23. Kf2 Rxa4 24. Ra1 (24. Rb1 Kc7 25. Rb2 Nd7 26. Rhb1 Rb8 $11)
24... Rxa1 25. Rxa1 a5 26. Bb5+ Kc7 27. Ke2 $14) 23. Rf1 (23. Kf2 {doesn't
work:} Rab8 24. Ra1 a5 25. Rhe1 R8b3 {and White is paralyzed.}) 23... Rab8 24.
Rf2 R8b3 $132 {[%csl Re3]} 25. Bxa6 Rxe3+ 26. Kf1 Rb4 27. Ra2 Reb3 $1 {Topalov
rightly keeps control over the b-file.} (27... Rxd4 {allows} 28. Rb1 $132) 28.
Rd1 Ng8 $1 {The knight goes to e7 and then inevitably comes either to c6 or f5,
attacking pawn d4.} 29. a5 (29. Bb5 Ne7 30. Be8 $5 Nf5 31. Kg1 f6 32. Rad2 {
is too passive. Black has the advantage after} Rb2) 29... Ne7 30. Be2 Nc6 ({
Another equal variation could be} 30... Nf5 31. a6 Kb8 $1 ({No time for} 31...
Ne3+ 32. Kg1 Nxd1 33. a7 $18) 32. Rc1 (32. a7+ Ka8 33. Rc1 Nxd4 34. c6 Rb1 $17)
32... Rb1 (32... Nxd4 $2 33. c6 Rb1 34. c7+ Kc8 35. a7 Rxc1+ 36. Bd1 $18) (
32... Ka7 $5) 33. Rxb1 Rxb1+ 34. Kf2 Nxd4 35. Bd3 Rb3 (35... Rc1 $2 36. Rb2+
$16) 36. Bxh7 Ka7 37. Bg8 f6 38. Rd2 Rb4 39. Ke3 Nf5+ 40. Kf2 Nd4 41. Ke3 $11)
31. a6 Kb8 $1 32. Rad2 Ra3 33. Kf2 g5 {Topalov is playing for a win and I
suspect that Ponomariov was happy with such a decision.} (33... Raa4 34. Ke3
Ra3+ 35. Kf2 $11) 34. h4 $1 gxh4 (34... h6 35. hxg5 hxg5 36. Rh1 $132) 35. Rh1
Rxd4 (35... Nxd4 $6 36. Rxh4 e5 37. Rxh7 $16) 36. Rb2+ (36. Rb1+ {Interesting
was trying to keep the rook on the second rank, for instance:} Kc7 (36... Rb4
37. Rxb4+ Nxb4 38. Rb2 Ra4 $13 39. Bd1 $140 $2 Ra2) (36... Kc8 $5) 37. Rb7+ Kc8
38. Rdb2 $16 {and Black cannot create counterplay. However, in this case White
had to reckon with 36...Rb4~~.}) 36... Kc7 (36... Rb4 $2 37. Rxb4+ Nxb4 38. Rb1
Ra4 39. Bd1 Ra2+ 40. Kf1 $18) 37. Rhb1 (37. Rb7+ Kc8 38. Rhb1 Rd2 $132) 37...
Ne5 (37... Nd8 $6 38. c6 $5 $36) 38. Rb8 Kc6 $1 39. Rc8+ Kd7 40. Rg8 {Time for
Ponomariov to show his aggressive intentions.} (40. Rcb8 {threatens mate in
two and forces a draw by repetition:} Kc6 41. Rc8+ Kd7 42. Rcb8 $11) 40... Ke7
({Still} 40... Kc6 {would have probably lead to repetition and an immediate
draw.}) 41. Rb7+ Kf6 42. a7 {White wins the knight by force, but even this is
doesn't break the balance.} Rda4 43. c6 $1 Nxc6 44. Bb5 Ra2+ 45. Kg1 Rxa7 46.
Bxc6 Rxb7 47. Bxb7 {Finally the position is clarified: White cannot convert
his extra bishop: black king protects well the pawns, while the king from g1
is unable to enter actively into play. The position is a draw.} h5 $1 {[%csl
Rg4] An important resource. Without this pawn White would have won easily 
(either the rook comes to g4, or the king to h3).} 48. Kh2 (48. Rh8 Kg5 49. Rh7
Kg6 $11) 48... Ra1 {Now the move Kh3 is not possible due to mate on h1.} 49.
Bc6 Rc1 {The simplest method - the bishop does not have a stable central
square and therefore White cannot create any activity.} 50. Bb5 Rb1 51. Be2 Re1
52. Ba6 Ra1 53. Bd3 Rd1 54. Bh7 {Finally the bishop found a shelter. However,
there is no clear plan how to improve further anyway.} d4 {Now the pawns can
become a target for attack, but thanks to the fact that White cannot include
the king into play, Black easily protects them.} 55. Rb8 Kg7 56. Rb1 Rd2 ({
There is no need to even calculate} 56... Rxb1 $2 {which allows White to free
the king.}) 57. Be4 f5 58. Bb7 e5 59. Rb5 ({After} 59. Kh3 d3 {White's king
still cannot join the action.}) 59... Kf6 60. f4 (60. Kh3 d3 61. Kxh4 Rxg2 $11)
(60. Bc8 Rc2 61. Bd7 d3 62. f4 e4 63. Rxf5+ Kg7 $11) 60... e4 61. Bc8 d3 62.
Rxf5+ Kg7 63. Rg5+ ({After} 63. Re5 Rc2 {again it is vital that the bishop
cannot use square g4. An amazing variation is} 64. Bf5 d2 65. Rd5 e3 66. Bxc2
e2 67. Rg5+ Kf6 68. Rf5+ Kg7 69. Rg5+ $11) 63... Kf6 64. Rf5+ Kg7 65. Rg5+ Kf6
66. Rf5+ Kg7 1/2-1/2

[Event "Excelsior Cup"]
[Site "Gothenburg"]
[Date "2004.01.14"]
[Round "7"]
[White "Rogozenco, Dorian"]
[Black "Hultin, Johan"]
[Result "1-0"]
[WhiteElo "2517"]
[BlackElo "2300"]
[Annotator "Rogozenco,D"]
[PlyCount "77"]
[EventDate "2004.01.06"]
[EventType "tourn"]
[EventRounds "9"]
[EventCountry "SWE"]
[EventCategory "9"]
[SourceTitle "CBM 099"]
[Source "ChessBase"]
[SourceDate "2004.03.30"]
[SourceVersion "1"]
[SourceVersionDate "2004.03.30"]
[SourceQuality "1"]

1. d4 d5 2. c4 c6 3. Nc3 Nf6 4. e3 {In Gothenburg everyone played Slav against
me. Luckily, I had written a CD about it and all I had to do in other games
was to remember my own recommendations. The result wasn't bad - 3,5 out of 4,
so I am thinking to write other opening CDs these days. Too bad - when writing
there is no time left to play and practice...} e6 {I don't use to play e2-e3
before developing my bishop from c1 (wouldn't that be a concession?), but in
Sweeden I had enough with all those theoretical lines (this was the fourth
Slav in the tournament, in three previous ones I played Nf3 and Nc3 with the
pawn on e2), so in this game I decided to play quietly.} 5. Nf3 a6 {A popular
system these days, used even by Kasparov. I can't say that I was very familiar
with it.} 6. b3 (6. c5 {is the main alternative, but I thought a human would
hardly repeat the fabulous play of Fritz X3D, so I decided not to close the
position.}) 6... Bb4 7. Bd2 Bd6 (7... O-O 8. Bd3 Nbd7 9. Qc2 Bd6 10. Ne2 c5 11.
O-O b6 12. cxd5 exd5 13. Ng3 Bb7 14. Nf5 Bc7 15. dxc5 bxc5 16. b4 c4 17. Be2
Ne4 18. Bc3 Nxc3 19. Qxc3 Nf6 20. Rfd1 Bc8 $4 ({After} 20... Qd7 {everybody
said that Black's position is great.}) 21. Rxd5 Qe8 22. Bxc4 {1-0 Huzman,
A-Kasparov,G/Rethymnon 2003}) 8. Bd3 c5 9. O-O O-O 10. Rc1 Nc6 11. h3 {I was
trying to avoid taking either of Black's central pawns and would rather prefer
to force Black to take on c4 or d4. However, my last move involved some
sacrifices, which objectively are probably not entirely correct.} (11. cxd5
exd5 12. h3 $5 (12. dxc5 Bxc5 $11)) 11... Qe7 $2 (11... cxd4 12. exd4 Ba3 13.
Rb1 (13. Bb1 $5 {was an interesting idea, connected with a positional exchange
sacrifice.} Bxc1 14. Bxc1 h6 (14... Bd7 15. Bg5 {with strong compensation.})
15. Re1 $44) 13... dxc4 14. bxc4 Nxd4 15. Bg5 h6 (15... Be7 $4 16. Nxd4 $18)
16. Bh4 Nc6 $1 {and White's compensation shouldn't be enough, although
development advantage and pressure on the b-file can give some hopes for the
initiative.} (16... Nxf3+ 17. Qxf3 Be7 18. Rfd1 Qc7 19. Na4)) 12. Re1 $1 $14 {
Now it is difficult for Black to find a plan.} dxc4 (12... Rd8 13. cxd5 exd5
14. Na4 $1 cxd4 15. exd4 $16 {Here the drawback of 11...Qe7 becomes obvious.})
13. bxc4 Rd8 {Black threatens now to take c5xd4, play Ba3 and win pawn d4. On
the other hand his queenside is still not developed, so in principle this
cannot work out.} 14. Ne4 $1 (14. Rb1 Rb8 $5 (14... Bc7 $5)) 14... Nxe4 (14...
cxd4 15. exd4 Nxe4 (15... Ba3 $2 16. Nxf6+ gxf6 (16... Qxf6 17. Bg5 $18) 17.
Rb1 $16) 16. Bxe4 Ba3 17. Bxh7+ $1 {I liked this sacrifice, although during
the game was unclear to me whether White gets a winning attack. Nevertheless
intuitively I felt that it should be decisive.} (17. Bc3 $5 {This was pointed
out by my opponent after the game. It is not bad, but White has better
possibilities.} Bxc1 18. Qxc1 $44) (17. Rb1 {was the quiet (reserve) option.}
Nxd4 18. Ba5 Nxf3+ 19. Qxf3 Rd7 $44 {White has a certain compensation here,
but probably it is not enough for any real advantage.}) 17... Kxh7 18. Ng5+ Kg6
(18... Kg8 19. Qh5 Qe8 20. Rc3 Rxd4 (20... Bb4 21. Rf3 $18) 21. Rf3 Nd8 22. Ba5
$18) 19. Rc3 $1 (19. Qg4 $2 {My intention during the game wouldn't have worked
because of the simple} Rxd4) 19... Rxd4 20. Rg3 Bd6 21. f4 {and I doubt that
Black can hold the position.}) 15. Bxe4 Bd7 16. Bb1 Be8 (16... Rac8 $5) 17. Qc2
g6 18. Bc3 Qc7 $6 19. Ba1 e5 20. d5 (20. Rcd1 $5) 20... Ne7 $4 {The decisive
mistake.} (20... Nb8 $8 $16 {After this move White can choose either to play
similar to the game - Ng5-e4 and push the f-pawn, or to push the h-pawn, play
Ng5 and then transfer the queen to h4. In both cases White has a considerable
advantage, but Black can put up a tough resistance.}) 21. Qc3 f6 22. Nd2 {
Now it is all over. White wins material.} Nc8 23. f4 (23. Ne4) 23... Bf8 24.
fxe5 fxe5 25. Qxe5 Qxe5 26. Bxe5 Nd6 27. Bf4 (27. Bf6 Rdc8 28. e4 Bh6 {Would
have gave Black some counterplay.}) 27... b5 28. Bd3 bxc4 29. Nxc4 Nxc4 30.
Bxc4 Bb5 31. e4 Bg7 32. Be3 Re8 33. Bf2 Bd4 34. Bb3 Rad8 $2 35. a4 Bd7 36. Bxd4
cxd4 37. e5 Rb8 38. e6 Bxe6 39. Rxe6 1-0

[Event "Nalchik FIDE GP"]
[Site "Nalchik"]
[Date "2009.04.21"]
[Round "6"]
[White "Mamedyarov, Shakhriyar"]
[Black "Grischuk, Alexander"]
[Result "1-0"]
[WhiteElo "2725"]
[BlackElo "2748"]
[Annotator "Rogozenco,D"]
[PlyCount "75"]
[EventDate "2009.04.15"]
[EventType "tourn"]
[EventRounds "13"]
[EventCountry "RUS"]
[EventCategory "19"]
[SourceTitle "CBM 130"]
[Source "ChessBase"]
[SourceDate "2009.05.20"]
[SourceVersion "1"]
[SourceVersionDate "2009.05.20"]
[SourceQuality "1"]

1. d4 d5 2. c4 c6 3. Nc3 Nf6 4. e3 a6 5. Qc2 e6 6. Nf3 c5 7. cxd5 exd5 8. Be2
Nc6 9. Ne5 Qc7 10. Nxc6 Qxc6 11. O-O Bd6 12. dxc5 Qxc5 13. Bd2 $146 (13. Rd1
O-O 14. Bd2 Be5 15. Qd3 Be6 16. Rac1 d4 17. Ne4 Qb6 18. b3 Rfd8 19. Nxf6+ Bxf6
20. e4 Bd7 21. Qg3 Bb5 22. Bc4 Rac8 23. Qd3 Be7 24. g3 Rc6 25. a4 Bxc4 26. Rxc4
Rxc4 27. Qxc4 h5 28. Rc1 Ba3 29. Qc7 Rd6 30. Qc8+ Rd8 31. Qc7 Rd6 {1/2-1/2
Ivanchuk,V (2709)-Georgiev,V (2501)/Bled 2002}) 13... O-O 14. Rac1 d4 {This
apparently logical exchange of pawns leads to an endgame where Black must
struggle for a draw.} ({Preferable was} 14... Be6 15. Qd3 {with just a small
plus for White.}) 15. Ne4 Nxe4 (15... Qxc2 $142 16. Nxf6+ gxf6 17. Rxc2 Bf5 18.
Rc4 dxe3 19. Bxe3 (19. fxe3 Be6 20. Rh4 Rfd8 21. Ba5 Rd7 $11) 19... Be6 $14)
16. Qxe4 Qe5 17. Qxe5 Bxe5 18. b3 {It turns out that White's plan Bf3 with
pressure on b7 is very unpleasant for Black, who faces big troubles to bring
his Ra8 into play.} dxe3 (18... d3 {is answered by the simple} 19. Bf3 $16 ({
not} 19. Bxd3 Rd8 20. Bc3 Bxh2+ 21. Kxh2 Rxd3 $11)) ({The immediate} 18... Be6
19. Bf3 Rab8 {loses a pawn right away:} 20. exd4 Bxd4 21. Bf4) 19. Bxe3 Be6 20.
Bf3 Rab8 21. Ba7 Ra8 (21... Rbd8 $2 22. Bc5 (22. Bxb7 $2 Rd7) 22... Rfe8 23.
Bxb7 Rd2 24. f4 Bf6 25. Rf2 $18) 22. Bc5 Rfb8 {White has a clear advantage due
to the passivity of the black rooks, but things are far from simple yet, since
Black has the plan to advance the a-pawn and achieve further simplifications.}
23. g3 a5 24. Rfe1 Bc7 {Grischuk decides to keep material equality and allow
White to increase the pressure.} (24... f6 25. Bg2 $16 {[%cal Gf2f4]}) ({
Possibly a better option was} 24... Bf6 25. Bd6 Rd8 26. Bc7 Rd2 27. Bxb7 Rf8 {
[%cal Gf6d4] with activity for the pawn and real chances to survive.}) 25. Be3
Bd6 26. Red1 Be5 (26... Ra6 27. Be2 b5 28. Bf1 $16 h6 $140 (28... Be5 29. Bxb5
$18) 29. a4 Bxb3 30. axb5 Bxd1 31. bxa6 $18) 27. Rc5 f6 28. Rb5 a4 29. Bxb7
axb3 30. axb3 Ra3 31. b4 $16 Ra4 32. Bc5 Kf7 33. h4 (33. Bc6 $142 Rxb5 34. Bxb5
$16 {/+-}) 33... Ra2 $2 (33... Ra3) 34. Rb6 ({Missing an immediate win:} 34. f4
$1 $18 {[%csl Rb8][%cal Gf4f5,Gb7d5]}) 34... Rb2 35. Re1 Ba2 $2 (35... Rd8 36.
Be4 $16 (36. f4 Rd3 $132)) 36. f4 Bc3 37. Re7+ Kg6 (37... Kg8 38. Bd5+) 38.
Be4+ 1-0